The secrets of skinny chicks (Record no. 807)

MARC details
000 -LEADER
fixed length control field 00957 a2200253 4500
008 - FIXED-LENGTH DATA ELEMENTS--GENERAL INFORMATION
fixed length control field 080821t xxu||||| |||| 00| 0 eng d
010 ## - LIBRARY OF CONGRESS CONTROL NUMBER
LC control number ENG-84960
020 ## - INTERNATIONAL STANDARD BOOK NUMBER
International Standard Book Number 0070636664
Terms of availability 275.00
035 ## - SYSTEM CONTROL NUMBER
System control number EN-68493
037 ## - SOURCE OF ACQUISITION
Source of stock number/acquisition D.B.Act / Pub
082 ## - DEWEY DECIMAL CLASSIFICATION NUMBER
Classification number 613.25
100 ## - MAIN ENTRY--PERSONAL NAME
Personal name Bridson, Karen.
245 ## - TITLE STATEMENT
Title The secrets of skinny chicks
Remainder of title how to feel great in your favorite jeans--when it doesn't come naturally
Statement of responsibility, etc Karen Bridson.
260 ## - PUBLICATION, DISTRIBUTION, ETC. (IMPRINT)
Place of publication, distribution, etc New Delhi
Name of publisher, distributor, etc Tata McGraw-Hill Publishing
Date of publication, distribution, etc 2007
300 ## - PHYSICAL DESCRIPTION
Extent x, 278 p.
Dimensions 23 cm. (Pbk)
500 ## - GENERAL NOTE
General note Includes index.
650 ## - SUBJECT ADDED ENTRY--TOPICAL TERM
Topical term or geographic name as entry element Weight loss.
650 ## - SUBJECT ADDED ENTRY--TOPICAL TERM
Topical term or geographic name as entry element Reducing diets.
650 ## - SUBJECT ADDED ENTRY--TOPICAL TERM
Topical term or geographic name as entry element Reducing exercises.
650 ## - SUBJECT ADDED ENTRY--TOPICAL TERM
Topical term or geographic name as entry element Thin people
General subdivision Attitudes.
650 ## - SUBJECT ADDED ENTRY--TOPICAL TERM
Topical term or geographic name as entry element Women
General subdivision Health and hygiene.
942 ## - ADDED ENTRY ELEMENTS (KOHA)
Institution code [OBSOLETE] dpl
Koha item type English Books
Call number prefix 613.25 / BRI
Source of classification or shelving scheme Dewey Decimal Classification
Classification part 613.25
Call number suffix BRI
Holdings
Withdrawn status Lost status Damaged status Not for loan Home library Current library Date acquired Cost, normal purchase price Total Checkouts Full call number Barcode Date last seen Copy number Uniform Resource Identifier Cost, replacement price Price effective from Koha item type
        D.B.Act.Division D.B.Act.Division 21/08/2008 275.00   613.25 BRI EN-68493 15/09/2008 1 775 275.00 15/09/2008 English Books

© Delhi Public Library
Hit Counter
free hit counter